Turbine life prediction and reliability : design and operation /

Bibliographic Details
Main Author: Veers, Paul S. (Author)
Corporate Authors: United States. Department of Energy, Danmarks tekniske universitet
Format: Government Document eBook
Language:English
Published: [Golden, Colorado] : National Renewable Energy Laboratory, 2018.
Series:NREL/PR ; 5000-73023.
Subjects:
Online Access:https://purl.fdlp.gov/GPO/gpo124197

MARC

Tag First Indicator Second Indicator Subfields
LEADER 00000cam a2200000 i 4500
001 in00004085708
005 20191030143719.0
006 m o d f
007 cr |||||||||||
008 190813s2018 coua o f000 0 eng c
035 |a (OCoLC)on1112109829 
042 |a pcc 
043 |a n-us--- 
040 |a GPO  |b eng  |e rda  |e pn  |c GPO  |d GPO  |d MvI 
049 |a WWW 
074 |a 0430-P-09 (online) 
086 0 |a E 9.22:NREL/PR-5000-73023 
100 1 |a Veers, Paul S.,  |e author. 
245 1 0 |a Turbine life prediction and reliability :  |b design and operation /  |c Paul Veers [and three others]. 
264 1 |a [Golden, Colorado] :  |b National Renewable Energy Laboratory,  |c 2018. 
300 |a 1 online resource (13 pages) :  |b color illustrations. 
336 |a text  |b txt  |2 rdacontent 
337 |a computer  |b c  |2 rdamedia 
338 |a online resource  |b cr  |2 rdacarrier 
490 1 |a NREL/PR ;  |v 5000-73023 
500 |a "IEA TEM #93, December 13, 2018, Technical University of Denmark." 
536 |a Funding provided by U.S. Department of Energy  |b DE-AC36-08GO28308 
588 |a Description based on online resource; title from PDF title page (NREL, viewed on Aug. 12, 2019). 
650 0 |a Wind turbines  |z United States. 
710 2 |a National Renewable Energy Laboratory (U.S.),  |e issuing body. 
710 1 |a United States.  |b Department of Energy. 
710 2 |a Danmarks tekniske universitet. 
830 0 |a NREL/PR ;  |v 5000-73023. 
856 4 0 |u https://purl.fdlp.gov/GPO/gpo124197  |t 0 
999 f f |s d9a20707-c402-3c62-ab14-21a934d11f1d  |i 830c0fbe-61e7-3531-bd5a-7bf75b3e80b4  |t 0 
952 f f |a Texas A&M University  |b College Station  |c Electronic Resources  |d Available Online  |t 0  |e E 9.22:NREL/PR-5000-73023  |h Superintendent of Documents classification 
998 f f |a E 9.22:NREL/PR-5000-73023  |t 0  |l Available Online